Habilidades directivas: evaluación y desarrollo (Registro nro. 11953)

Detalles MARC
000 -Cabecera
Campo de control de longitud fija 01359ntm a22004337a 4500
005 - Fecha y hora de la última transacción
Campo de control 20250805145108.0
008 - Elementos de longitud fija--Información general
Campo de control de longitud fija 190528b2016 xxu||||| |||| 00| 0 spa d
020 ## - International Standard Book Number
Número Internacional Estándar del Libro (ISBN) 9786075228501
041 ## - Idioma
Código de idioma Español
082 ## - Clasificación Decimal Dewey
Número de clasificación 658.409.2 G851h
100 ## - Entrada principal--Autor personal
Nombre personal Griffin, Ricky
9 (RLIN) 3379
245 ## - Título propiamente dicho
Título Habilidades directivas: evaluación y desarrollo
260 ## - Pie de imprenta
Lugar de publicación, distribución, etc. México
260 ## - Pie de imprenta
Nombre del editor, distribuidor, etc. Cengage Learning
260 ## - Pie de imprenta
Fecha de publicación, distribución, etc. 2016
300 ## - Descripción física
Extensión 430 páginas
490 ## - Serie
Título de la Serie Dirección y Administración de Empresas
650 ## - Materia general
Temática (materia general) LIDERAZGO EJECUTIVO
650 ## - Materia general
Temática (materia general) HABILIDADES PARA DIRIGIR
650 ## - Materia general
Temática (materia general) HABILIDADES DIRECTIVAS
650 ## - Materia general
Temática (materia general) BRÚJULA ORGANIZACIONAL
650 ## - Materia general
Temática (materia general) ADMINISTRACIÓN
650 ## - Materia general
Temática (materia general) ADMINISTRACIÓN DEL TIEMPO
650 ## - Materia general
Temática (materia general) HABILIDADES INTERPERSONALES
650 ## - Materia general
Temática (materia general) HABILIDADES CONCEPTUALES
650 ## - Materia general
Temática (materia general) HABILIDADES PARA DIAGNOSTICAR
650 ## - Materia general
Temática (materia general) HABILIDADES PARA LA COMUNICACIÓN
650 ## - Materia general
Temática (materia general) HABILIDADES PARA TOMAR DECISIONES
650 ## - Materia general
Temática (materia general) HABILIDADES TÉCNICAS
650 ## - Materia general
Temática (materia general) APRENDE A DESARROLLAR HABILIDADES PARA LA ADMINISTRACIÓN
650 ## - Materia general
Temática (materia general) HABILIDADES PARA ADMINISTRAR EL TIEMPO
650 ## - Materia general
Temática (materia general) TRANSICIÓN DE LA DIRECCIÓN AL LIDERAZGO
650 ## - Materia general
Temática (materia general) DIAGNÓSTICO
650 ## - Materia general
Temática (materia general) COMUNICACIÓN
650 ## - Materia general
Temática (materia general) TOMA DE DECISIONES
650 ## - Materia general
Temática (materia general) HABILIDADES TÉCNICAS
650 ## - Materia general
Temática (materia general) LIDERAZGO
942 ## - Punto de acceso adicional KOHA
Tipo de ítem KOHA Libro
Fuente del sistema de clasificación o colocación Dewey Decimal Classification
Existencias
Signatura completa Código de barras Programa Académico Tipo de ítem
658.409.2 G851h 24412 Dirección y Administración de Empresas Libro
658.409.2 G851h 24411 Dirección y Administración de Empresas Libro